| 000 | 01134nam a2200325 a 4500 | ||
|---|---|---|---|
| 001 | 000110276 | ||
| 003 | CHAP | ||
| 005 | 20220329144125.0 | ||
| 008 | 140808s2014 mx a |r| |||0|||spa d | ||
| 010 | _a106738 | ||
| 011 | _a107710 | ||
| 020 | _a9786079083564 | ||
| 040 | _cCHAP | ||
| 082 | 0 | 4 |
_a636.208097252 _bH55 |
| 100 | 0 | 0 |
_aHernández Martínez, Juvencio. _954301 |
| 245 | 1 | 0 |
_aMetodologías y aplicaciones para la producción ganadera del trópico seco en el sur del estado de México / _cpor Juvencio Hernández Martínez, Francisca Avilés Nova y Rolando Rojo Rubio. |
| 260 |
_aMéxico,D.F. : _bGernika, _c2014. |
||
| 300 |
_a303 p. : _bil. |
||
| 590 |
_aE5652GLJ _b05 _c20140808 _lUCH01 _h1303 |
||
| 590 |
_aE5652GLJ _b05 _c20140808 _lUCH01 _h1351 |
||
| 650 | 1 | 4 |
_aGanadería _xAspectos económicos _xMéxico (Edo.) _944638 |
| 650 | 1 | 4 |
_aGanadería _xProducción. _9127742 |
| 650 | 1 | 4 |
_aGanado lanar _xMercadeo. _945195 |
| 650 | 1 | 4 |
_aGanado vacuno _xCostos de producción. _945449 |
| 700 | 0 |
_aRojo Rubio, Rolando. _999405 |
|
| 700 | 1 |
_aAvilés Nova, Francisca _9127739 |
|
| 901 | _aBK | ||
| 942 | _cLIBRO | ||
| 942 | _n0 | ||
| 999 |
_c106738 _d106738 |
||